Klicke auf die 20 Größten Länder der Welt - Statistiken

Allgemein
  • Dieses Quiz wurde 910 mal gespielt
  • Das Durchschnittsergebnis liegt bei 17 aus 20
Antworten auf der Karte
Die Antworten werden auf der Karte rot bzw. grün angezeigt, abhängig davon wie oft sie richtig erraten wurden.
 
Antwortstatistiken
Antwort % Korrekt
Russland
97%
Brasilien
92%
Usa
92%
Australien
91%
China
91%
Kanada
91%
Indien
90%
Argentinien
88%
Mexiko
88%
Indonesien
86%
Kasachstan
86%
Peru
86%
Mongolei
84%
Algerien
81%
Libyen
81%
Saudi Arabien
81%
Iran
79%
Sudan
74%
Tschad
68%
Dem. Rep. Kongo
47%
Keine übereinstimmenden Quizze gefunden
Verteilung der Resultate
Anzahl Personen mit jedem Resultat
Perzentil nach korrekt beantworteten Fragen
Ihre Resultats-Entwicklung
Sie haben dieses Quiz noch nicht gespielt